Statistics for Divergent

Click here to take the quiz!

General Stats

  • This quiz has been taken 719 times
  • The average score is 14 of 15

Answer Stats

Hint Answer % Correct
Main characterTris
100%
^ nicknameFour
100%
^ boyfriend's REAL nameTobias
97%
Main character's best friendChristina
95%
Which faction values bravery?Dauntless
95%
^ boyfriend's nameWill
93%
Who jumped the chasm?Al
93%
Who butter-knifed Edward?Peter
93%
Which faction values selflessness?Abnegation
93%
Which faction values honesty?Candor
93%
Which faction values intelligence?Erudite
93%
Which faction values peace?Amity
93%
How many fears does the main character have?6/7
89%
What is the main character's most embarassing fear?Intimacy
72%
Main character's guy best friendUriah
58%

Score Distribution

Percentile by Number Answered

Percent of People with Each Score

Your Score History

You have not taken this quiz